[Event "Lindores Abbey Tal Mem"]
[Site "Riga LAT"]
[Date "2021.11.08"]
[Round "1.6"]
[White "Jobava, Baadur"]
[Black "Sasikiran, Krishnan"]
[Result "1-0"]
[WhiteTitle "GM"]
[BlackTitle "GM"]
[WhiteElo "2582"]
[BlackElo "2640"]
[WhiteFideId "13601520"]
[BlackFideId "5004985"]
[EventDate "2021.11.08"]

1. e4 c5 2. Nf3 d6 3. Bb5+ Nd7 4. c3 Nf6 5. Bd3 b6 6. O-O Bb7 7. Re1 e5 8. Bc2
Be7 9. d4 O-O 10. Nbd2 cxd4 11. cxd4 exd4 12. Nxd4 g6 13. N2f3 Rc8 14. Bh6 Re8
15. Ng5 Bf8 16. Bb3 d5 17. Bxf8 Nxf8 18. e5 Ne4 19. Nxf7 Qe7 20. Rxe4 dxe4 21.
Nd6+ Kh8 22. Qd2 Rc5 23. Nxe8 Qxe8 24. e6 Qd8 25. Rd1 Rg5 26. Qe3 Re5 27. Nf3
Qxd1+ 28. Bxd1 Rd5 29. Qc3+ 1-0

[Event "Lindores Abbey Tal Mem"]
[Site "Riga LAT"]
[Date "2021.11.08"]
[Round "1.7"]
[White "Ter-Sahakyan, Samvel"]
[Black "Korobov, Anton"]
[Result "1/2-1/2"]
[WhiteTitle "GM"]
[BlackTitle "GM"]
[WhiteElo "2615"]
[BlackElo "2684"]
[WhiteFideId "13302531"]
[BlackFideId "14105730"]
[EventDate "2021.11.08"]

1. e4 c5 2. Nf3 d6 3. Bb5+ Nd7 4. d4 cxd4 5. Nxd4 Nf6 6. O-O a6 7. Ba4 e6 8. c4
Nxe4 9. Re1 Nc5 10. Nc3 Be7 11. Bxd7+ Nxd7 12. Rxe6 O-O 13. Re1 Nb6 14. b3 d5
15. Nxd5 Nxd5 16. cxd5 Bb4 17. Bd2 Bxd2 18. Qxd2 Qxd5 19. Qf4 Bd7 20. h4 Rae8
21. Rad1 h6 22. Nc2 Rxe1+ 23. Rxe1 Bc6 24. f3 Qa5 25. Nb4 Bd7 26. Re5 Qb6+ 27.
Kh2 Be6 28. Nd5 Bxd5 29. Rxd5 Qe6 30. Rd6 Qe7 31. Rd4 Rc8 32. Re4 Qc7 33. Re8+
Kh7 34. Qxc7 Rxc7 35. Re2 1/2-1/2

[Event "Lindores Abbey Tal Mem"]
[Site "Riga LAT"]
[Date "2021.11.08"]
[Round "1.19"]
[White "Stefanova, Antoaneta"]
[Black "Hovhannisyan, Robert"]
[Result "0-1"]
[WhiteTitle "GM"]
[BlackTitle "GM"]
[WhiteElo "2475"]
[BlackElo "2622"]
[WhiteFideId "2902257"]
[BlackFideId "13302507"]
[EventDate "2021.11.08"]

1. d4 d5 2. Nf3 Nf6 3. Bf4 c5 4. e3 Nc6 5. Nbd2 Bg4 6. c3 e6 7. Qb3 Qc8 8. Ne5
Nxe5 9. Bxe5 c4 10. Qc2 Bf5 11. Qc1 Be7 12. Be2 O-O 13. O-O b5 14. f3 Bg6 15.
Bd1 Bd3 16. Re1 b4 17. Bc2 bxc3 18. bxc3 Qa6 19. Bxd3 cxd3 20. Nb3 Rac8 21. Qd2
Qc4 22. Red1 Nd7 23. Bg3 Qxc3 24. Qxd3 Qxd3 25. Rxd3 Rc2 26. Be1 Rfc8 27. Rd2
Ba3 28. Kf1 Nb6 29. Ke2 Kf8 30. Rxc2 Rxc2+ 31. Bd2 Nc4 32. Kd3 Rb2 33. e4 Nxd2
34. Nxd2 Bb4 35. Nf1 dxe4+ 36. fxe4 Rxg2 37. Rb1 a5 38. a4 Ra2 39. Ne3 Ra3+ 40.
Ke2 Rxa4 41. Nc2 Ra2 42. Kd3 g5 43. h3 Kg7 44. d5 exd5 45. exd5 Bf8 46. Rb6 Ra4
47. Nd4 Ra1 48. Nf5+ Kg8 49. d6 Rd1+ 50. Ke4 a4 51. Rb8 a3 52. Nh6+ Kg7 53. Nf5+
Kf6 54. Rxf8 a2 55. Ra8 a1=Q 56. Rxa1 Rxa1 57. d7 Rd1 58. Nd4 Ke7 59. Nf3 f6 60.
Nd4 Rxd4+ 0-1

[Event "Lindores Abbey Tal Mem"]
[Site "Riga LAT"]
[Date "2021.11.08"]
[Round "1.25"]
[White "Tregubov, Pavel V."]
[Black "Sjugirov, Sanan"]
[Result "0-1"]
[WhiteTitle "GM"]
[BlackTitle "GM"]
[WhiteElo "2537"]
[BlackElo "2663"]
[WhiteFideId "4115341"]
[BlackFideId "4189302"]
[EventDate "2021.11.08"]

1. e4 c5 2. Nf3 d6 3. Bb5+ Nd7 4. Ba4 Nf6 5. O-O e6 6. Re1 Be7 7. c3 a6 8. d4 b5
9. Bc2 Bb7 10. Nbd2 Qc7 11. e5 dxe5 12. dxe5 Nd5 13. Ne4 h6 14. a4 Rd8 15. Qe2
Bc6 16. Ng3 N5b6 17. axb5 axb5 18. Nh5 g6 19. Nf4 Bxf3 20. Qxf3 Nxe5 21. Qg3 Bd6
22. Qh3 Qe7 23. Ra6 Rb8 24. b3 h5 25. Be4 O-O 26. Be3 Ng4 27. Bc1 Qf6 28. Qf3
Rfd8 29. h3 Ne5 30. Qe2 c4 31. b4 Bc7 32. Ra7 Rd7 33. Be3 Rbd8 34. Bd4 Qxf4 35.
g3 Qg5 36. Rxc7 Rxc7 37. Bxb6 Rcd7 38. Bxd8 Rxd8 39. h4 Qf6 40. Qe3 Ng4 41. Qf3
Qxf3 42. Bxf3 Rd3 43. Bxg4 hxg4 44. Re5 Rd5 45. Re4 Kg7 46. Rxg4 e5 47. Re4 f5
48. Re1 Kf6 49. Ra1 Rd3 50. Ra5 Rxc3 51. Rxb5 Rc1+ 52. Kg2 Rc2 53. Rc5 e4 54.
Kf1 Ke6 55. b5 Kd6 56. Rc6+ Kd5 57. Rxg6 Rb2 58. Rf6 c3 59. Rc6 Kd4 60. b6 Kd3
61. h5 c2 62. Kg2 Rxb6 63. Rc8 Rh6 64. Rd8+ Ke2 65. Rc8 Kd2 66. Rd8+ Kc1 67. Rd5
Rxh5 68. Rc5 Kd2 69. Rd5+ Kc3 70. Rc5+ Kd3 71. Rc8 Rh6 72. Rd8+ Kc3 73. Rc8+ Kd2 0-1

[Event "Lindores Abbey Tal Mem"]
[Site "Riga LAT"]
[Date "2021.11.08"]
[Round "1.30"]
[White "Indjic, Aleksandar"]
[Black "Rakotomaharo, Fy Antenaina"]
[Result "1-0"]
[WhiteTitle "GM"]
[BlackTitle "IM"]
[WhiteElo "2612"]
[BlackElo "2487"]
[WhiteFideId "911925"]
[BlackFideId "13100050"]
[EventDate "2021.11.08"]

1. d4 Nf6 2. c4 g6 3. Bg5 Bg7 4. Nc3 d5 5. e3 c6 6. cxd5 cxd5 7. Bd3 O-O 8. h3
Nc6 9. Nf3 Bf5 10. Bxf5 gxf5 11. Qd3 Ne4 12. Bf4 Rc8 13. O-O e6 14. Rac1 Qa5 15.
a3 Ne7 16. Ne2 Ng6 17. Bh2 b5 18. h4 h5 19. Ng3 Nxg3 20. Bxg3 Rc4 21. Qe2 Bf6
22. Nd2 Rxc1 23. Rxc1 Bxh4 24. Nb3 Qd8 25. Bh2 Bg5 26. Qxh5 f4 27. exf4 Bxf4 28.
Bxf4 Nxf4 29. Qg4+ Ng6 30. Nc5 Kg7 31. Nd3 Rh8 32. g3 Qb8 33. Ne5 Rc8 34. Re1
Re8 35. Nxg6 fxg6 36. Rxe6 Rxe6 37. Qxe6 Qd8 38. Kg2 a5 39. b4 axb4 40. axb4 Kh7
41. Qc6 Qe7 42. Qxd5 Qxb4 43. Qe5 Qc3 44. Qe7+ Kh6 45. d5 Qc4 46. d6 Qd5+ 47.
Kh2 Qd2 48. Qf8+ Kh7 49. Qf7+ Kh8 50. d7 1-0

[Event "Lindores Abbey Tal Mem"]
[Site "Riga LAT"]
[Date "2021.11.08"]
[Round "1.44"]
[White "Oparin, Grigoriy"]
[Black "Divya, Deshmukh"]
[Result "1-0"]
[WhiteTitle "GM"]
[BlackTitle "WIM"]
[WhiteElo "2659"]
[BlackElo "2310"]
[WhiteFideId "24125890"]
[BlackFideId "35006916"]
[EventDate "2021.11.08"]

1. d4 Nf6 2. c4 e6 3. Nf3 d5 4. g3 Be7 5. Bg2 dxc4 6. Qa4+ c6 7. Qxc4 b5 8. Qd3
Bb7 9. Ne5 O-O 10. O-O Qb6 11. a4 a6 12. a5 Qc7 13. Bf4 Bd6 14. Rc1 Rd8 15. Nd2
c5 16. Bxb7 Qxb7 17. dxc5 Bc7 18. Qf3 Nd5 19. c6 Qc8 20. Nxf7 Rf8 21. Nh6+ gxh6
22. Qg4+ Kh8 23. Bxh6 Rf7 24. Nf3 Nf6 25. Qh4 Bd8 26. Ne5 Rc7 27. Bg5 1-0

[Event "Lindores Abbey Tal Mem"]
[Site "Riga LAT"]
[Date "2021.11.08"]
[Round "2.8"]
[White "Jumabayev, Rinat"]
[Black "Fedoseev, Vladimir3"]
[Result "1-0"]
[WhiteTitle "GM"]
[BlackTitle "GM"]
[WhiteElo "2658"]
[BlackElo "2704"]
[WhiteFideId "13702661"]
[BlackFideId "24130737"]
[EventDate "2021.11.08"]

1. Nf3 d5 2. g3 b6 3. Bg2 Bb7 4. O-O Nd7 5. d4 e6 6. c4 dxc4 7. Qa4 Bd6 8. Nc3
Nf6 9. Rd1 a6 10. Qxc4 b5 11. Qd3 b4 12. Na4 Be4 13. Qd2 Qc8 14. b3 Qb7 15. Bb2
Bd5 16. Rac1 Ne4 17. Qc2 O-O 18. Ne5 Nb6 19. Nxb6 cxb6 20. Nc4 Rac8 21. f3 Bxc4
22. fxe4 Bb5 23. Qd2 e5 24. dxe5 Bc5+ 25. e3 Bc6 26. Qd3 Bb5 27. Qd2 Qe7 28. Bd4
Rfd8 29. Qf2 Bd7 30. h4 a5 31. Bf1 Bg4 32. Rd2 Be6 33. Ba6 Ra8 34. Bc4 a4 35.
Qf3 axb3 36. axb3 Rac8 37. Bd5 Qd7 38. Bb2 Qe7 39. Kh2 h6 40. Rcd1 Re8 41. Rf1
Rcd8 42. Rd3 Rf8 43. Kg2 Qd7 44. Kh2 Qb5 45. Rfd1 Qe8 46. Rf1 Qe7 47. Rfd1 Ra8
48. R1d2 Ra2 49. Bd4 Ra3 50. Bb2 Ra2 51. Bd4 Ra3 52. Bb2 Ra7 53. Bd4 Ra5 54. Rf2
Qe8 55. Qf4 Ra3 56. Bb2 Ra2 57. Bd4 Ra3 58. Bb2 Ra7 59. Bd4 Qe7 60. Qf3 Rd7 61.
Bb2 Rfd8 62. Rfd2 Rf8 63. Rf2 Rdd8 64. Rc2 Qa7 65. Rcd2 Rde8 66. Bd4 Qa6 67. h5
Qc8 68. Qf4 Rd8 69. Bb2 Rde8 70. Rf2 Qd7 71. Bc4 Qe7 72. Bd5 Ra8 73. Rfd2 Ra2
74. Bd4 Ra3 75. Bb2 Ra5 76. Rf2 Ra7 77. Kg2 Rd7 78. Rfd2 Rc7 79. Rf2 Kh7 80.
Bxe6 fxe6 81. Qxf8 Qxf8 82. Rxf8 Bxf8 83. Kf3 Kg8 84. Rd8 Kf7 85. Bd4 Bc5 86.
Kf4 Ra7 87. Rc8 Be7 88. Bxb6 Bg5+ 89. Kg4 Ra3 90. Rc7+ Kg8 91. Rc6 Kf7 92. Rc7+
Kg8 93. Rc8+ Kh7 94. Rc6 Rxb3 95. Rxe6 Rd3 96. Bd4 b3 97. Rb6 Bxe3 98. Bxe3 Rxe3
99. Kf4 Rc3 100. e6 g5+ 101. Ke5 Kg7 102. Rb8 Rc5+ 103. Kd6 Rc1 104. e7 Rd1+
105. Ke6 Re1 106. e5 1-0

[Event "Lindores Abbey Tal Mem"]
[Site "Riga LAT"]
[Date "2021.11.08"]
[Round "2.33"]
[White "Dreev, Aleksey"]
[Black "Shuvalova, Polina"]
[Result "1/2-1/2"]
[WhiteTitle "GM"]
[BlackTitle "IM"]
[WhiteElo "2635"]
[BlackElo "2515"]
[WhiteFideId "4100107"]
[BlackFideId "24171760"]
[EventDate "2021.11.08"]

1. d4 Nf6 2. Nf3 e6 3. Bg5 h6 4. Bh4 c5 5. e3 Nc6 6. c3 b6 7. Nbd2 Bb7 8. a3 d6
9. Bd3 g5 10. Bg3 Nh5 11. Qa4 a6 12. Qb3 Nxg3 13. hxg3 d5 14. dxc5 Bxc5 15. g4
Qf6 16. Nd4 Ne5 17. Be2 Ke7 18. Qc2 Rac8 19. a4 Ng6 20. N2f3 Rc7 21. Qd2 Bc8 22.
Bd3 Bb7 23. Qe2 a5 24. Qc2 Rcc8 25. Qd2 Rc7 26. Rd1 Rcc8 27. Bb1 Ne5 28. Nxe5
Qxe5 29. Nf3 Qf6 30. Bd3 Bd6 31. Qe2 e5 32. e4 Kf8 33. exd5 Bxd5 34. Bf5 Bb7 35.
Bxc8 Bxc8 36. Qe4 Kg7 37. O-O h5 38. Qe3 Be7 39. Qxe5 hxg4 40. Qxf6+ Bxf6 41.
Nd4 Be5 42. Rfe1 f6 43. Nc6 Bh2+ 44. Kf1 Ba6+ 45. Re2 Bf4 46. Rd7+ Kg6 47. Ne7+
Kf7 48. Nf5+ Kg6 49. Ng3 Bxg3 50. fxg3 Re8 51. Rd2 Re5 52. Kf2 Rf5+ 53. Ke1 Bxe2
54. Rxe2 Rc5 55. Kd2 Rc6 56. Kd3 f5 57. Re5 Kf6 58. Rb5 Rd6+ 59. Ke3 Re6+ 60.
Kf2 Rd6 61. Ke2 Re6+ 62. Kd3 Rd6+ 63. Ke3 Re6+ 64. Kf2 Rd6 65. b4 axb4 66. cxb4
f4 67. gxf4 gxf4 68. a5 bxa5 69. bxa5 Rd2+ 70. Kf1 Ra2 71. g3 Ra1+ 72. Kf2 Ra2+
73. Kf1 fxg3 74. Kg1 Kg6 1/2-1/2

[Event "Lindores Abbey Tal Mem"]
[Site "Riga LAT"]
[Date "2021.11.08"]
[Round "3.21"]
[White "Firat, Burak"]
[Black "Ponomariov, Ruslan"]
[Result "0-1"]
[WhiteTitle "GM"]
[BlackTitle "GM"]
[WhiteElo "2480"]
[BlackElo "2633"]
[WhiteFideId "6305881"]
[BlackFideId "14103320"]
[EventDate "2021.11.08"]

1. e4 e5 2. Nf3 Nc6 3. Bb5 a6 4. Ba4 Nf6 5. O-O Be7 6. Re1 b5 7. Bb3 d6 8. c3
O-O 9. d4 Bg4 10. Be3 exd4 11. cxd4 d5 12. e5 Ne4 13. Nc3 Nxc3 14. bxc3 Qd7 15.
h3 Bh5 16. g4 Bg6 17. Bf4 Na5 18. Bc2 Nc4 19. Bg3 a5 20. Bxg6 fxg6 21. e6 Qc6
22. Ne5 Nxe5 23. Bxe5 Bh4 24. e7 Bxe7 25. Bxg7 Rf7 26. Be5 Bh4 27. Re2 Qxc3 28.
Kh2 Bxf2 29. Rc1 Qf3 30. Rxc7 Raf8 31. Rxf7 Rxf7 32. Qc2 Rf8 33. g5 Be3 34. Rg2
Bxd4 35. Bxd4 Qf4+ 36. Kh1 Qxd4 37. Qc7 Rf1+ 38. Kh2 Qf4+ 39. Qxf4 Rxf4 40. Rd2
Ra4 41. Kg3 d4 42. Kf4 Kf7 43. Ke5 Ke7 44. Kd5 Ra3 45. h4 d3 46. Kc5 b4 47. Kd5
Rc3 48. Kd4 Ke6 49. Rf2 Rc2 50. Rf6+ Ke7 51. Kxd3 Rxa2 52. Ra6 b3 53. Kc3 a4 54.
Ra7+ Ke6 55. Rxh7 b2 56. Rb7 a3 57. Rb5 Ra1 0-1

[Event "Lindores Abbey Tal Mem"]
[Site "Riga LAT"]
[Date "2021.11.08"]
[Round "3.27"]
[White "Donchenko, Alexander"]
[Black "Nihal, Sarin"]
[Result "0-1"]
[WhiteTitle "GM"]
[BlackTitle "GM"]
[WhiteElo "2645"]
[BlackElo "2650"]
[WhiteFideId "24603295"]
[BlackFideId "25092340"]
[EventDate "2021.11.08"]

1. Nf3 g6 2. g3 Bg7 3. d4 d6 4. Bg2 Nc6 5. O-O Bd7 6. d5 Ne5 7. Nxe5 Bxe5 8. Nc3
Qc8 9. e4 Bh3 10. Qe2 h5 11. f4 Bxc3 12. bxc3 h4 13. f5 hxg3 14. hxg3 gxf5 15.
Bxh3 Rxh3 16. Rxf5 Rxg3+ 17. Kf2 Rg6 18. Rb1 b6 19. Bg5 Qd7 20. Bh4 Nh6 21. Qh5
Qa4 22. Rb2 Qxe4 23. Rg5 Rf6+ 24. Kg1 O-O-O 25. Rb4 0-1

[Event "Lindores Abbey Tal Mem"]
[Site "Riga LAT"]
[Date "2021.11.08"]
[Round "3.29"]
[White "Grandelius, Nils"]
[Black "Zhou, Jianchao"]
[Result "1-0"]
[WhiteTitle "GM"]
[BlackTitle "GM"]
[WhiteElo "2669"]
[BlackElo "2616"]
[WhiteFideId "1710400"]
[BlackFideId "8603537"]
[EventDate "2021.11.08"]

1. Nf3 c5 2. e3 Nc6 3. d4 cxd4 4. exd4 d5 5. Nbd2 Bg4 6. h3 Bh5 7. Bb5 e6 8. g4
Bg6 9. Ne5 Rc8 10. h4 f6 11. Nxg6 hxg6 12. c3 Bd6 13. Nf3 Ne7 14. Be3 Kf7 15.
Qe2 Qc7 16. Bd3 Na5 17. h5 gxh5 18. Rxh5 Nc4 19. O-O-O Rxh5 20. gxh5 Bf4 21. Kb1
Nxe3 22. fxe3 Bh6 23. e4 Qd7 24. Re1 a6 25. exd5 Nxd5 26. Bg6+ Ke7 27. Nh4 Nf4
28. Qe4 Kf8 29. Rf1 Qc7 30. Bh7 f5 31. Nxf5 exf5 32. Qxf5+ Ke7 33. Re1+ Kd6 34.
Qe5+ 1-0

[Event "Lindores Abbey Tal Mem"]
[Site "Riga LAT"]
[Date "2021.11.08"]
[Round "3.38"]
[White "Demchenko, Anton"]
[Black "Padmini, Rout"]
[Result "0-1"]
[WhiteTitle "GM"]
[BlackTitle "IM"]
[WhiteElo "2655"]
[BlackElo "2353"]
[WhiteFideId "4160258"]
[BlackFideId "5029295"]
[EventDate "2021.11.08"]

1. e4 c5 2. Nf3 Nc6 3. Bb5 g6 4. O-O Bg7 5. d3 d6 6. c3 Nf6 7. Re1 O-O 8. h3 a6
9. Bxc6 bxc6 10. d4 Qb6 11. Nbd2 cxd4 12. cxd4 a5 13. b3 a4 14. Bb2 axb3 15.
axb3 Rxa1 16. Qxa1 Ba6 17. Bc3 Bd3 18. Re3 Bb5 19. Qb2 Ra8 20. Qc2 Qa6 21. Re1
Bd3 22. Qc1 Bh6 23. Qd1 d5 24. exd5 Nxd5 25. Bb2 Qa2 26. Qc1 e6 27. Qxc6 Rb8 28.
Bc1 Qc2 29. Qd7 Rf8 30. g3 Nc3 31. Ba3 Bxd2 32. Nxd2 Qxd2 33. Ra1 Ne2+ 34. Kh2
Nf4 0-1

[Event "Lindores Abbey Tal Mem"]
[Site "Riga LAT"]
[Date "2021.11.08"]
[Round "3.45"]
[White "Vantika, Agrawal"]
[Black "Fedoseev, Vladimir3"]
[Result "0-1"]
[WhiteTitle "WIM"]
[BlackTitle "GM"]
[WhiteElo "2329"]
[BlackElo "2704"]
[WhiteFideId "25050389"]
[BlackFideId "24130737"]
[EventDate "2021.11.08"]

1. d4 f5 2. Nf3 Nf6 3. g3 g6 4. Bg2 Bg7 5. O-O O-O 6. b3 d6 7. Bb2 c6 8. c4 Kh8
9. Nbd2 Be6 10. Qc2 d5 11. e3 Nbd7 12. Rfc1 Rc8 13. a4 Ne4 14. b4 a5 15. bxa5
Qxa5 16. Nb3 Qc7 17. cxd5 Bxd5 18. Nfd2 Nef6 19. Nc4 Bxg2 20. Kxg2 Nd5 21. Ba3
b5 22. Ncd2 b4 23. Bb2 c5 24. dxc5 Nc3 25. Bxc3 bxc3 26. Nf3 Qb7 27. c6 Qxc6 28.
Qe2 Qd5 29. Nd4 Rc4 30. Kg1 Nc5 31. Ra3 Nxa4 32. Nc2 Nb2 33. Nfe1 Qd2 34. Qd1 0-1

[Event "Lindores Abbey Tal Mem"]
[Site "Riga LAT"]
[Date "2021.11.08"]
[Round "3.53"]
[White "Atalik, Ekaterina"]
[Black "Sethuraman, S.P."]
[Result "0-1"]
[WhiteTitle "IM"]
[BlackTitle "GM"]
[WhiteElo "2430"]
[BlackElo "2620"]
[WhiteFideId "4130189"]
[BlackFideId "5021596"]
[EventDate "2021.11.08"]

1. Nf3 g6 2. d4 f5 3. g3 Nf6 4. Bg2 Bg7 5. O-O O-O 6. c4 d6 7. Nc3 Nc6 8. b3 e5
9. d5 Ne7 10. e4 f4 11. Bb2 h6 12. Re1 Nh5 13. c5 Bg4 14. cxd6 cxd6 15. Qd3 g5
16. h3 Bd7 17. g4 Nf6 18. Ba3 Ne8 19. Nb5 Qa5 20. Nxd6 Qxa3 21. Nc4 Qa6 22.
Nfxe5 Bb5 23. a4 Bxc4 24. Nxc4 Bxa1 25. Rxa1 Ng6 26. e5 f3 27. Bxf3 Nf4 28. Qe3
Ng7 29. e6 Rae8 30. Re1 Ngxe6 31. dxe6 Rxe6 32. Bd5 Re8 33. Bxe6+ Rxe6 34. Qc3
Ne2+ 35. Rxe2 Rxe2 36. Qd3 Re1+ 37. Kh2 Qe6 38. Qd8+ Kh7 39. Qc7+ Qe7 40. Qb8
Re2 41. Kg3 Qf7 42. f3 0-1

[Event "Lindores Abbey Tal Mem"]
[Site "Riga LAT"]
[Date "2021.11.08"]
[Round "4.4"]
[White "Jobava, Baadur"]
[Black "Chigaev, Maksim"]
[Result "0-1"]
[WhiteTitle "GM"]
[BlackTitle "GM"]
[WhiteElo "2582"]
[BlackElo "2626"]
[WhiteFideId "13601520"]
[BlackFideId "4108116"]
[EventDate "2021.11.08"]

1. e4 c5 2. Nf3 d6 3. Bb5+ Nd7 4. c3 Nf6 5. Bd3 g6 6. Bc2 Bg7 7. d4 O-O 8. O-O
b5 9. Qe2 Bb7 10. Rd1 Qc7 11. Bg5 a6 12. Bh4 Rac8 13. a4 cxd4 14. Nxd4 b4 15. f3
e5 16. Nb3 d5 17. Bf2 Rfd8 18. Bd3 bxc3 19. Nxc3 d4 20. Nb1 Qb6 21. N1d2 Bh6 22.
a5 Qb4 23. Ra3 Be3 24. Bxe3 dxe3 25. Qxe3 Nh5 26. g3 Ng7 27. Rda1 Ne6 28. Ra4
Qe7 29. Rc4 Rxc4 30. Nxc4 Qb4 31. Bf1 Bc6 32. Qc3 Qxc3 33. bxc3 Bb5 34. Rd1 Rb8
35. Rd5 Ba4 36. Nbd2 Bc6 37. Rd6 Bb5 38. Nb6 Ndc5 39. Bxb5 axb5 40. Rd5 Rb7 41.
Rxe5 Ra7 42. Nd5 Rxa5 43. Kf1 Ra2 44. Nf6+ Kg7 45. Ne8+ Kf8 46. Nc7 Rxd2 47.
Nxe6+ Nxe6 48. Rxb5 Rxh2 49. f4 Kg7 50. Kg1 Rc2 0-1

[Event "Lindores Abbey Tal Mem"]
[Site "Riga LAT"]
[Date "2021.11.08"]
[Round "4.45"]
[White "Fedoseev, Vladimir3"]
[Black "Vantika, Agrawal"]
[Result "1-0"]
[WhiteTitle "GM"]
[BlackTitle "WIM"]
[WhiteElo "2704"]
[BlackElo "2329"]
[WhiteFideId "24130737"]
[BlackFideId "25050389"]
[EventDate "2021.11.08"]

1. e4 c5 2. h3 d6 3. Bb5+ Nd7 4. c4 a6 5. Ba4 Nf6 6. Nc3 e6 7. Nge2 Be7 8. O-O
O-O 9. d3 Qc7 10. f4 b6 11. g4 Bb7 12. g5 Nh5 13. Qe1 f6 14. Qh4 g6 15. Qg4 f5
16. Qg2 Bc6 17. Bxc6 Qxc6 18. Be3 Ng7 19. b3 b5 20. d4 fxe4 21. d5 exd5 22. Nxd5
Rae8 23. Qxe4 Kh8 24. Qg2 Bd8 25. Bd2 b4 26. a3 a5 27. Bc1 Nb6 28. axb4 Nxd5 29.
cxd5 Qb5 30. Ng3 cxb4 31. Bb2 Kg8 32. Bxg7 Kxg7 33. f5 Bxg5 34. fxg6 hxg6 35.
Nf5+ Rxf5 36. Rxf5 Be3+ 37. Kh1 Qd3 38. Raf1 Re7 39. Rf6 Bd4 40. Rxd6 Re3 41.
Qg4 Rxh3+ 42. Kg2 Re3 43. Rd7+ Kg8 44. Rd8+ Kg7 45. Rd7+ Kg8 46. Rf2 Re8 47. Qf4
Qe4+ 48. Qxe4 Rxe4 49. Ra2 Re3 50. Rxa5 Bg7 51. Ra8+ Kh7 52. Raa7 Rxb3 53. Rxg7+
Kh6 54. Rgb7 Rd3 55. Ra5 b3 56. Rab5 b2 57. Rxb2 Rxd5 58. Kf3 1-0

[Event "Lindores Abbey Tal Mem"]
[Site "Riga LAT"]
[Date "2021.11.08"]
[Round "5.22"]
[White "Movsesian, Sergei"]
[Black "Ter-Sahakyan, Samvel"]
[Result "1/2-1/2"]
[WhiteTitle "GM"]
[BlackTitle "GM"]
[WhiteElo "2618"]
[BlackElo "2615"]
[WhiteFideId "310204"]
[BlackFideId "13302531"]
[EventDate "2021.11.08"]

1. e4 c5 2. Nf3 d6 3. Bb5+ Nd7 4. a4 Nf6 5. Nc3 g6 6. O-O Bg7 7. Re1 O-O 8. a5
a6 9. Bf1 Ng4 10. d4 cxd4 11. Nxd4 Nge5 12. Bg5 Nc6 13. Nb3 h6 14. Be3 Nf6 15.
h3 Be6 16. Qd2 Bxb3 17. Bb6 Qe8 18. cxb3 Rc8 19. Nd5 Nxd5 20. exd5 Ne5 21. Rac1
g5 22. b4 Qd7 23. Rxc8 Rxc8 24. Rc1 Bf6 25. b3 h5 26. b5 axb5 27. Rxc8+ Qxc8 28.
Bxb5 g4 29. hxg4 Qxg4 30. Be2 Qf5 31. b4 Qb1+ 32. Kh2 Ng4+ 33. Bxg4 hxg4 34. Bd4
Qh7+ 35. Kg1 Qb1+ 36. Kh2 Qh7+ 37. Kg1 Qb1+ 38. Kh2 1/2-1/2

[Event "Lindores Abbey Tal Mem"]
[Site "Riga LAT"]
[Date "2021.11.08"]
[Round "5.46"]
[White "Abasov, Nijat"]
[Black "Badelka, Olga"]
[Result "1-0"]
[WhiteTitle "GM"]
[BlackTitle "IM"]
[WhiteElo "2634"]
[BlackElo "2438"]
[WhiteFideId "13402960"]
[BlackFideId "13509926"]
[EventDate "2021.11.08"]

1. d4 d5 2. Nf3 Nf6 3. Bf4 e6 4. e3 c5 5. Nbd2 Nc6 6. c3 cxd4 7. exd4 Nh5 8. Be5
f6 9. Bg3 g6 10. Bd3 Bg7 11. O-O O-O 12. c4 Nxg3 13. hxg3 dxc4 14. Bxc4 Nxd4 15.
Ne4 Nxf3+ 16. Qxf3 f5 17. Nc5 Qd6 18. Rac1 Bxb2 19. Rfd1 Qe7 20. Rc2 Bf6 21. Re1
Kh8 22. Bxe6 Bxe6 23. Rxe6 Qc7 24. Qxb7 Rac8 25. Qb4 a5 26. Qa4 Qa7 27. Nd3 Rcd8
28. Nf4 Bd4 29. Qb3 a4 30. Qf3 Rc8 31. Rce2 a3 32. Kh2 Qg7 33. Nh3 Bb2 34. Re7
Rf7 35. R7e6 Rff8 36. Qf4 Qd4 37. Qh6 Qg7 38. Qh4 Bf6 39. Qa4 Bb2 40. Qb3 Qh6
41. Re7 g5 42. Rxb2 axb2 43. Qxb2+ Qf6 44. Qxf6+ Rxf6 45. Nxg5 h6 46. Nh3 Ra6
47. Re2 Rca8 48. Re5 Rf8 49. Nf4 Kg7 50. Rb5 Rf7 51. Rb2 Rfa7 52. Rb5 Rf7 53.
Kh3 Rxa2 54. f3 Ra4 55. Ne6+ Kf6 56. Nf4 Kg7 57. Rb6 Ra2 58. Nh5+ Kg8 59. Rxh6
Ra4 60. Rg6+ Kf8 61. Rg5 Ke7 62. Kh2 Ke6 63. Nf4+ Ke5 64. Rh5 Rxf4 65. gxf4+
Kxf4 66. Kh3 Rg7 67. Rh4+ Ke5 68. g3 Rg8 69. Rh6 Rf8 70. Kh4 Rg8 71. Kh3 Rf8 72.
f4+ Ke4 73. Kg2 Rf7 74. Re6+ Kd5 75. Re5+ Kd4 76. Kh3 Rf8 77. Kh4 Rf7 78. Kg5
Rg7+ 79. Kxf5 Rxg3 80. Kf6 Rf3 81. f5 Rf4 82. Re1 Kd5 83. Kg6 Rg4+ 84. Kf7 Kd6
85. f6 Kd7 86. Rd1+ Kc8 87. Kf8 Rf4 88. f7 Rf2 89. Rg1 Kd7 90. Kg8 Ke7 91. Re1+ 1-0

[Event "Lindores Abbey Tal Mem"]
[Site "Riga LAT"]
[Date "2021.11.08"]
[Round "5.50"]
[White "Melia, Salome"]
[Black "Dzagnidze, Nana"]
[Result "1-0"]
[WhiteTitle "IM"]
[BlackTitle "GM"]
[WhiteElo "2371"]
[BlackElo "2524"]
[WhiteFideId "13602446"]
[BlackFideId "13601903"]
[EventDate "2021.11.08"]

1. e4 c5 2. Nf3 d6 3. Bb5+ Nd7 4. Ba4 Nf6 5. O-O g6 6. c4 Bg7 7. Nc3 O-O 8. d3
Ne5 9. Nxe5 dxe5 10. Be3 b6 11. h3 Ne8 12. a3 Bd7 13. Bxd7 Qxd7 14. b4 cxb4 15.
axb4 Nc7 16. b5 Rfd8 17. Qb3 Ne6 18. Rfd1 Nd4 19. Qb2 f5 20. Nd5 Rf8 21. exf5
Nxf5 22. Qe2 Qb7 23. Ra2 Nd6 24. Qg4 Nf5 25. Qe4 Kh8 26. Bg5 Nd6 27. Qh4 e6 28.
Nc3 Nf5 29. Qe4 Qf7 30. Qg4 h6 31. Bc1 Rad8 32. Ne4 Rd7 33. Re2 Rfd8 34. Qf3 Kg8
35. Ra2 Nd6 36. Qxf7+ Nxf7 37. g3 Kf8 38. Be3 Ke8 39. Kf1 g5 40. Ke2 Ke7 41.
Rda1 Ke8 42. Rxa7 Rxd3 43. Bxb6 R8d7 44. Ra8+ Nd8 45. Nc5 Rd2+ 46. Ke1 R7d6 47.
Bc7 R6d4 48. Nxe6 1-0